<?xml version="1.0" encoding="UTF-8"?><?xml-stylesheet type="text/xsl" href="static/style.xsl"?><OAI-PMH xmlns="http://www.openarchives.org/OAI/2.0/" xmlns:xsi="http://www.w3.org/2001/XMLSchema-instance" xsi:schemaLocation="http://www.openarchives.org/OAI/2.0/ http://www.openarchives.org/OAI/2.0/OAI-PMH.xsd"><responseDate>2026-04-13T13:13:25Z</responseDate><request verb="GetRecord" identifier="oai:www.recercat.cat:2117/391136" metadataPrefix="marc">https://recercat.cat/oai/request</request><GetRecord><record><header><identifier>oai:recercat.cat:2117/391136</identifier><datestamp>2026-01-22T02:22:40Z</datestamp><setSpec>com_2072_1033</setSpec><setSpec>col_2072_452949</setSpec></header><metadata><record xmlns="http://www.loc.gov/MARC21/slim" xmlns:dcterms="http://purl.org/dc/terms/" xmlns:xsi="http://www.w3.org/2001/XMLSchema-instance" xmlns:doc="http://www.lyncode.com/xoai" xsi:schemaLocation="http://www.loc.gov/MARC21/slim http://www.loc.gov/standards/marcxml/schema/MARC21slim.xsd">
   <leader>00925njm 22002777a 4500</leader>
   <datafield ind2=" " ind1=" " tag="042">
      <subfield code="a">dc</subfield>
   </datafield>
   <datafield ind2=" " ind1=" " tag="720">
      <subfield code="a">Lévy, Pierre</subfield>
      <subfield code="e">author</subfield>
   </datafield>
   <datafield ind2=" " ind1=" " tag="260">
      <subfield code="c">2022-09</subfield>
   </datafield>
   <datafield ind2=" " ind1=" " tag="520">
      <subfield code="a">This position paper questions the current situation of kansei studies as a multidisciplinary field of research. The observations on the structure of the research community and on the way papers address the notion of kansei point out the pluridisciplinary nature of the field, centred on the ill-defined notion of kansei. This situation is thought to be an epistemological issue, rather than a structural one. To address this epistemological challenge, we argue to shift towards complex thinking as a paradigm to rethink the field of kansei studies and the notion of kansei. Positioning kansei studies as a complex unit rich of multiple disciplines and of multiple perspectives on kansei lead to a richer dynamic within the research community, and open new ways of collaboration within the community and outside with related disciplines. Therefore, we call for this shift that may impulse a new dynamic in the community actually rich of a great variety of disciplines and practices.</subfield>
   </datafield>
   <datafield tag="653" ind2=" " ind1=" ">
      <subfield code="a">complex thinking</subfield>
   </datafield>
   <datafield tag="653" ind2=" " ind1=" ">
      <subfield code="a">complexity</subfield>
   </datafield>
   <datafield tag="653" ind2=" " ind1=" ">
      <subfield code="a">kansei studies</subfield>
   </datafield>
   <datafield tag="653" ind2=" " ind1=" ">
      <subfield code="a">epistemology</subfield>
   </datafield>
   <datafield tag="653" ind2=" " ind1=" ">
      <subfield code="a">dialogic</subfield>
   </datafield>
   <datafield ind2="0" ind1="0" tag="245">
      <subfield code="a">Complex Thinking for Kansei Studies - For an epistemological shift of the field</subfield>
   </datafield>
</record></metadata></record></GetRecord></OAI-PMH>